000
00332nam a2200145Ia 4500
008
230718s9999 xx 000 0 und d
041
_a
Eng.
082
_a
340.11
_b
PAL-R
100
_a
Palombella, Gianku if
245
0
_a
Rule of law Democracy
260
_a
Pakistan
_b
Broll
_c
2010
300
_a
211
650
_a
Law
999
_c
31894
_d
31894